000 01773nam2a22003011 4500
001 rc\4485
005 20250620120803.0
010 _a5-88594-009-6
_bРед.-изд. агентство "Милосердие-лит"
_950000
035 _a(NLR Aleph) 005309702
090 _a6373374
_c6373374
100 _a20021204d1994 |||y0rusy50 ca
101 0 _arus
102 _aRU
105 _aa |||||||||
200 1 _aД. Кризи, Г. Лофлер, Ш. Эксбрайя
210 _dБ. г. (1994)
_aБ. м.
215 _a567, [2] с.
_cил.
327 1 _aСодерж.: Подошвы из микропорки / Г. Лофлер. Барон и мечи Великого Могола / Д. Кризи. Как вы смеете? / Ш. Эксбрайя
461 0 _1001rc\4483
_12001#$aЗарубежный криминальный роман$e[Сборник$eПеревод$fГл. ред. Саломатов А.В.$gХудож. Феногенов В.И.]$v[2]
_96373358
_cМ.
_dБ. г.
_fГл. ред. Саломатов А.В.
_nФирма "Грэгори-пэйдж"
_o[Сборник : Перевод
_tЗарубежный криминальный роман
_v[2]
464 0 _12001#$aПодошвы из микропорки
_1700#1$aЛофлер$bГ.
_tПодошвы из микропорки
_aЛофлер, Г.
464 0 _12001#$aБарон и мечи Великого Могола
_1700#1$aКризи$bД.
_tБарон и мечи Великого Могола
_aКризи, Д.
464 0 _12001#$aКак вы смеете?
_1700#1$aЭксбрайя$bШ.
_tКак вы смеете?
_aЭксбрайя, Ш.
701 1 _aКриси
_bД.
_gДжон
801 0 _aRU
_bNLR
_gpsbo
801 1 _aRU
_bELAR
_2rusmarc
852 _aNLR
_j94-3/1395
942 _cBOOK
980 _aNB